00918cam a2200265 i 4500001000300000003000900003005001700012008004100029040004200070080001300112080001000125080001000135100004500145245008600190250001200276260005600288300002700344380001600371504002200387655002600409650003600435700004100471710004200512856009800554bgKOSZ 00520200630132824.0950810s1968 pl a f f 000 0 pol d cKOSZ 005/HRaKOSZ 005/HRdKOSZ 005/HR a539.3/.6 a620.1 a(076)1 aLisowski, Aleksanderd(1919-1976)eAutor 0aZadania z wytrzymałości materiałów /cAleksander Lisowski, Adam Siemieniec. aWyd. 3. aWarszawa :bPaństwowe Wydawnictwo Naukowe,c1968. a364 s. :bil.,c24 cm. aKsiążki aBibliogr. s. 362. 4aĆwiczenia i zadania 4aWytrzymałość materiałów1 aSiemieniec, Adamd(1929-2011)eAutor2 aPaństwowe Wydawnictwo Naukowe4pbl. uhttp://koha.tu.koszalin.pl/cgi-bin/koha/opac-detail.pl?biblionumber=11481yKatalog online BPK